<?xml version="1.0" encoding="UTF-8"?>
<collection xmlns="http://www.loc.gov/MARC21/slim">
 <record>
  <leader>     na                 </leader>
  <controlfield tag="001">INLIS000000000009339</controlfield>
  <controlfield tag="005">20221114024741</controlfield>
  <datafield tag="035" ind1=" " ind2=" ">
   <subfield code="a">0010-0520009339</subfield>
  </datafield>
  <controlfield tag="008">221114                |          | ind  </controlfield>
  <datafield tag="020" ind1=" " ind2=" ">
   <subfield code="a">979-709-232-1</subfield>
  </datafield>
  <datafield tag="041" ind1=" " ind2=" ">
   <subfield code="a">ind</subfield>
  </datafield>
  <datafield tag="082" ind1=" " ind2=" ">
   <subfield code="a">959.802</subfield>
  </datafield>
  <datafield tag="084" ind1=" " ind2=" ">
   <subfield code="a">959.802 SAR s</subfield>
  </datafield>
  <datafield tag="100" ind1="0" ind2=" ">
   <subfield code="a">Sartono Kartodirdjo</subfield>
  </datafield>
  <datafield tag="245" ind1="1" ind2=" ">
   <subfield code="a">Sejak Indische sampai Indonesia /</subfield>
   <subfield code="c">Sartono Kartodirdjo</subfield>
  </datafield>
  <datafield tag="260" ind1=" " ind2=" ">
   <subfield code="a">Jakarta :</subfield>
   <subfield code="b">Kompas,</subfield>
   <subfield code="c">2005</subfield>
  </datafield>
  <datafield tag="300" ind1=" " ind2=" ">
   <subfield code="a">xxiv, 316 hlm. ; 21 cm ;</subfield>
   <subfield code="c">21 cm</subfield>
  </datafield>
  <datafield tag="520" ind1=" " ind2=" ">
   <subfield code="a">Buku ini membedah peristiwa-peristiwa sejarah dan untuk menjadikannya sebagai bagian dari latihan intelektual untuk membaca kemungkinan arah dinamika sosial. Karya-karya dari sosok yang tetap dianggap guru oleh sebagian besar sejarawan Indonesia-meski mungkin mereka sama sekali tidak sempat belajar di bawah bimbingannya-membawa berbagai corak dialog. Diawali dengan dialog dengan beberapa peristiwa di masa lalu-kisah tentang Raden Mas Said, Manifesto politik, Kongres B.O dan sebagainya-kemudian penulis berdiskusi dengan dunia kesejarahannya-ia berbicara tentang sejarah nasional dan sebagainya bahkan juga dengan Nehru sebagai sejarawan. Penulis sebagai sejarawan menghadapkan dirinya dengan berbagai pemasalahan struktural ataupun intelektual dan ideologis. Buku ini dapat memenuhi kebutuhan para peminat sejarah, politisi, akademisi, mahasiswa, dan siapa saja yang ingin mencermati dinamika sosial Indonesia.</subfield>
  </datafield>
  <datafield tag="990" ind1=" " ind2=" ">
   <subfield code="a">23178/MKRI-P/XI-2014</subfield>
  </datafield>
  <datafield tag="990" ind1=" " ind2=" ">
   <subfield code="a">23175/MKRI-P/XI-2014</subfield>
  </datafield>
  <datafield tag="990" ind1=" " ind2=" ">
   <subfield code="a">23176/MKRI-P/XI-2014</subfield>
  </datafield>
  <datafield tag="990" ind1=" " ind2=" ">
   <subfield code="a">23177/MKRI-P/XI-2014</subfield>
  </datafield>
  <datafield tag="990" ind1=" " ind2=" ">
   <subfield code="a">23177/MKRI-P/XI-2014</subfield>
  </datafield>
  <datafield tag="990" ind1=" " ind2=" ">
   <subfield code="a">23178/MKRI-P/XI-2014</subfield>
  </datafield>
  <datafield tag="990" ind1=" " ind2=" ">
   <subfield code="a">23175/MKRI-P/XI-2014</subfield>
  </datafield>
  <datafield tag="990" ind1=" " ind2=" ">
   <subfield code="a">23176/MKRI-P/XI-2014</subfield>
  </datafield>
  <datafield tag="990" ind1=" " ind2=" ">
   <subfield code="a">23175/MKRI-P/XI-2014</subfield>
  </datafield>
  <datafield tag="990" ind1=" " ind2=" ">
   <subfield code="a">23178/MKRI-P/XI-2014</subfield>
  </datafield>
  <datafield tag="990" ind1=" " ind2=" ">
   <subfield code="a">23176/MKRI-P/XI-2014</subfield>
  </datafield>
  <datafield tag="990" ind1=" " ind2=" ">
   <subfield code="a">23177/MKRI-P/XI-2014</subfield>
  </datafield>
  <datafield tag="990" ind1=" " ind2=" ">
   <subfield code="a">23178/MKRI-P/XI-2014</subfield>
  </datafield>
  <datafield tag="990" ind1=" " ind2=" ">
   <subfield code="a">23175/MKRI-P/XI-2014</subfield>
  </datafield>
  <datafield tag="990" ind1=" " ind2=" ">
   <subfield code="a">23176/MKRI-P/XI-2014</subfield>
  </datafield>
  <datafield tag="990" ind1=" " ind2=" ">
   <subfield code="a">23177/MKRI-P/XI-2014</subfield>
  </datafield>
  <datafield tag="990" ind1=" " ind2=" ">
   <subfield code="a">23176/MKRI-P/XI-2014</subfield>
  </datafield>
  <datafield tag="990" ind1=" " ind2=" ">
   <subfield code="a">23178/MKRI-P/XI-2014</subfield>
  </datafield>
  <datafield tag="990" ind1=" " ind2=" ">
   <subfield code="a">23175/MKRI-P/XI-2014</subfield>
  </datafield>
  <datafield tag="990" ind1=" " ind2=" ">
   <subfield code="a">23177/MKRI-P/XI-2014</subfield>
  </datafield>
 </record>
</collection>
